Handbook of Metaheuristics
Salvato in:
| Autori principali: | , |
|---|---|
| Natura: | Libro |
| Lingua: | inglese |
| Pubblicazione: |
Nueva York
Springer
2010
|
| Edizione: | 2a. ed |
| Serie: | International Series in Operations Research and Management Science, 146
|
| Soggetti: | |
| Tags: |
Aggiungi Tag
Nessun Tag, puoi essere il primo ad aggiungerne!!
|
MARC
| LEADER | 00000cam a2200000 a 4500 | ||
|---|---|---|---|
| 001 | UCC2968 | ||
| 003 | CL-VaPUC | ||
| 008 | 180329e20100000us |||||||||||||||||eng|d | ||
| 020 | |a 9781441916631 | ||
| 082 | 0 | 4 | |a 519.6 |b GEN |2 21 |
| 100 | 0 | |a Gendreau, Michel |e author |9 596956 | |
| 700 | 0 | |a Potvin, Jean-Yves |e author |9 596957 | |
| 245 | 1 | 0 | |a Handbook of Metaheuristics |
| 250 | |a 2a. ed | ||
| 300 | |a 648 p | ||
| 942 | |c BK | ||
| 945 | |d 20180329 11:34:00 |a dcastane | ||
| 260 | |a Nueva York |b Springer |c 2010 | ||
| 650 | 0 | |a Optimización matemática |9 259780 | |
| 650 | 0 | |a Metaheurísticas |9 595519 | |
| 583 | |a last modification |c 20180329 11:34:00 |k Rodrigo Vera | ||
| 490 | 0 | |a International Series in Operations Research and Management Science, 146 | |
| 999 | |c 370844 |d 370842 | ||
| 952 | |0 0 |1 0 |2 ddc |3 erd |4 0 |6 519_600000000000000_GEN_2010 |7 0 |8 A |9 487528 |a BIBING |b BIBING |c RES |i 5461367 |o 519.6 GEN 2010 |p 5461367 |r 2025-01-20 |w 2019-11-24 |y BK |z Catalogado en:20180329 |k CCI | ||
| 952 | |0 0 |1 0 |3 erd |4 0 |6 519_600000000000000_GEN_2010 |7 0 |8 A |9 487529 |a BIBING |b BIBING |i 547230K |o 519.6 GEN 2010 |p 547230K |r 2025-01-20 |w 2019-11-24 |y BK |z Catalogado en:20180527 |k CCI | ||